000 00587nam a2200241Ia 4500
003 OSt
005 20220924145812.0
006 a|||||r|||| 00| 0
007 ta
008 220923b |||||||| |||| 00| 0 per d
024 _a330297
037 _cTextual
040 _aARTS
_cARTS
_bper
041 _2per
_aper
082 _aQ8451vN2, 164F5
100 _aPurdaud Au.
_9220595
245 0 _aIranshah
260 _c1925
650 _a ZOROASTRIANISM
650 _aHISTORY
942 _hQ8451vN2, 164F5
_cTEXL
_2CC
999 _c461197
_d461197